000
00308nam a2200133Ia 4500
008
191201s2011 xx 000 0 und d
100
_a
KAZMI, Azhar
245
0
_a
Strategic Management Business Policy
250
_a
Rep.
260
_a
N.Delhi
_b
TMH
_c
2011
300
_a
698
650
_a
MBA
942
_2
ddc
_c
BK
999
_c
3553
_d
3553